عرض عادي
عرض مارك
- Napolitano, Jim.
مدخل إسم شخص
001 - رقم الضبط
- حقل الضبط: 19459
003 - معرف رقم الضبط
- حقل الضبط: OSt
005 - تاريخ ووقت أخر عملية
- حقل الضبط: 20121231210943.0
008 - عناصر بيانات ثابتة الطول
- حقل تحكم ثابت الطول: 121231|||a|||||| | ||| d
040 ## - مصدر الفهرسة
- هيئة الفهرسة الأصلية: OSt
- وكالة الكتابة: OSt
100 ## - مدخل -- أسم شخص
- إسم شخص: Napolitano, Jim.
670 ## - بيانات المصدر موجوده
- الاستشهاد بالمصدر: Work cat.: (OSt)0: Sakurai, J. J. (Jun John), 1933-1982. 19457, Modern quantum mechanics /, c2011.
